02727cam a22003258i 450000100090000000300040000900500170001300800410003001000170007102000180008804000230010604200080012905000220013708200190015910000300017824501850020825000210039326300090041426400410042330000150046433600260047933700280050533800270053350000560056050400510061652015880066765000520225565000660230770000280237322919127OSt20250610104606.0230105s2023 nyu b 001 0 eng  a 2022058552 a9781307997118 aDLCbengerdacDLC apcc00aHD62.4b.H63 202300a658.049bDOH/I1 aDoh, Jonathan P.eauthor.10aInternational management :bculture, strategy, and behavior /cJonathan P. Doh, Villanova University, Fred Luthans, University of Nebraska-Lincoln, Ajai S. Gaur, Rutgers Unversity. aTwelfth Edition. a2303 1aNew York :bMcGraw Hill LLC,c[2023] a638 pages  atextbtxt2rdacontent aunmediatedbn2rdamedia avolumebnc2rdacarrier aRevised edition of International management, [2021] aIncludes bibliographical references and index. a"The global business environment in recent years has been characterized by substantial and often unforeseen change. By some accounts, the degree of uncertainty and volatility in global political and economic affairs has increased as several long-term trends have come to a halt or, in some cases, reversed. Political conflicts, economic disruptions, and realignment of security arrangements have all created challenges for global business. Around the world, support for global economic integration and engagement appears to be on the decline. The vote by the United Kingdom to separate from the European Union and the withdrawal of the United States from the Trans-Pacific Partnership, a proposed trade agreement among 12 Pacific-facing nations, are two stark examples of this broad trend. Some see the United States as retreating from its long-held position as the leading advocate of trade and economic interdependence. Further, trade tensions have risen not just between the U.S. and China, two world powers jockeying for global leadership, but also between the U.S. and its key allies, such as the European Union and Canada. Concurrently, nationalist sentiments in the United States, Europe, Asia, and elsewhere have resulted in raised barriers to both legal and illegal immigration. Exacerbating these pressures, longstanding concerns about the uneven impacts of globalization on jobs, wages, and incomes have resurfaced, as have broader questions about the costs of economic globalization to both developed and developing countries and their citizens"--cProvided by publisher. 0aInternational business enterprisesxManagement. 0aInternational business enterprisesxManagementvCase studies.1 aLuthans, Fred,eauthor.